000 00485cam a2200193ua 4500
001 7347
008 141208n ii |||gr||||Z||||||ben
040 _cMAIN
041 _aben
082 _a891.443
100 _aChakraborty, S.,
_eAuthor.
245 1 _aPinkumamar darjiling jatra
_cBy Shyamal Chakraborty
250 _a1st.
260 _aCalcutta:
_bBashak,
_c1985.
300 _a60p.
653 _aEast Indo-European & Celtic literatures
653 _aBengali novels
942 _cBK
999 _c6472
_d6472